[Event "Chigorin Memorial"]
[Site "St Petersburg RUS"]
[Date "2012.11.01"]
[Round "6.22"]
[White "Can, Emre"]
[Black "Vorobiov, Evgeny E."]
[Result "1/2-1/2"]
[WhiteTitle "GM"]
[BlackTitle "GM"]
[WhiteElo "2449"]
[BlackElo "2598"]
[WhiteFideId "6302181"]
[BlackFideId "4121341"]
[EventDate "2012.10.27"]

1. d4 Nf6 2. c4 g6 3. Nc3 d5 4. Nf3 Bg7 5. Bg5 Ne4 6. Bh4 Nxc3 7. bxc3 dxc4 8.
Qa4+ Qd7 9. Qxc4 b6 10. e3 Ba6 11. Qb3 Bxf1 12. Kxf1 O-O 13. Ke2 c5 14. Rhd1
cxd4 15. cxd4 Nc6 16. Qb5 e6 17. Rab1 Qb7 18. a4 Ne7 19. Bxe7 Qxe7 20. a5 bxa5
21. Qxa5 Rfc8 22. Rdc1 Qd7 23. Qa6 Rxc1 24. Rxc1 Rb8 25. Rc2 h5 26. h3 Bf6 27.
Nd2 Qd5 28. Qc6 Qxc6 29. Rxc6 Rb2 30. Ra6 Be7 31. Kd3 Bb4 32. Ne4 f5 33. Ng5
Rxf2 34. Nxe6 Rxg2 35. Rxa7 h4 36. d5 Rg3 37. Kd4 Bd2 38. Ke5 Bc3+ 39. Kf4 Bd2
40. Ke5 Bc3+ 41. Kd6 Rxe3 42. Ke7 Rd3 43. Rd7 Kh7 44. d6 Kh6 45. Rd8 Rxh3 46. d7
Rd3 47. Rc8 Be5 48. d8=Q Rxd8 49. Nxd8 Kh5 50. Ke6 Bg3 51. Nc6 h3 52. Ne5 Bxe5
53. Kxe5 Kg4 54. Rc4+ Kg3 55. Rc3+ Kg4 56. Rc4+ Kg3 57. Rc3+ 1/2-1/2

[Event "Chigorin Memorial"]
[Site "St Petersburg RUS"]
[Date "2012.11.01"]
[Round "6.23"]
[White "Atabayev, Maksat"]
[Black "Gabrielian, Artur"]
[Result "1-0"]
[WhiteTitle "FM"]
[BlackTitle "GM"]
[WhiteElo "2446"]
[BlackElo "2592"]
[WhiteFideId "14001101"]
[BlackFideId "4131002"]
[EventDate "2012.10.27"]

1. e4 c6 2. d4 d5 3. Nc3 dxe4 4. Nxe4 Bf5 5. Ng3 Bg6 6. h4 h6 7. Nf3 Nd7 8. h5
Bh7 9. Bd3 Bxd3 10. Qxd3 e6 11. Bd2 Ngf6 12. O-O-O Be7 13. Ne4 Nxe4 14. Qxe4 Nf6
15. Qe2 b5 16. Kb1 Qd5 17. Ne5 a5 18. c4 bxc4 19. Qxc4 O-O 20. Qxd5 cxd5 21. f3
Bd6 22. Rc1 a4 23. Rc6 Bxe5 24. dxe5 Nd7 25. f4 Rfb8 26. Be3 Rb4 27. Rd6 Re4 28.
Rh3 Nf8 29. Bc1 Re2 30. Rg3 Kh7 31. Rc6 Rd8 32. Rc7 Nd7 33. Ra3 d4 34. Rc6 Rxg2
35. Rxa4 Rh2 36. Rd6 Rc8 37. Raxd4 Nb6 38. Rxb6 Rh1 39. a4 Rcxc1+ 40. Ka2 Ra1+
41. Kb3 Rxh5 42. Kb4 Rh2 43. b3 Rf2 44. Kb5 h5 45. a5 h4 46. f5 Rxf5 47. Rxh4+
Kg6 48. Re4 Rf3 49. b4 Kf5 50. Re2 g5 51. Rb7 Kg6 52. Rb8 Rf4 53. Rg8+ Kf5 54.
Rg7 Kg4 55. Rg2+ Kf3 56. R7xg5 Rb1 57. R5g3+ Ke4 58. Rg4 Rxg4 59. Rxg4+ Kxe5 60.
a6 f5 61. Rg8 Ra1 62. Kb6 Kd4 63. b5 f4 64. a7 e5 65. a8=Q Rxa8 66. Rxa8 f3 67.
Kc6 e4 68. Rf8 e3 69. Rf4+ 1-0

[Event "Chigorin Memorial"]
[Site "St Petersburg RUS"]
[Date "2012.11.01"]
[Round "6.25"]
[White "Solak, Dragan"]
[Black "Chekhov, Sergei"]
[Result "1-0"]
[WhiteTitle "GM"]
[BlackTitle "FM"]
[WhiteElo "2590"]
[BlackElo "2443"]
[WhiteFideId "916811"]
[BlackFideId "4195639"]
[EventDate "2012.10.27"]

1. e4 c5 2. Nf3 e6 3. d4 cxd4 4. Nxd4 a6 5. Bd3 Bc5 6. Nb3 Ba7 7. Qg4 Nf6 8. Qg3
d6 9. Nc3 Nc6 10. O-O Ne5 11. Be2 Ng6 12. Rd1 e5 13. Be3 Bxe3 14. Qxe3 Be6 15.
Nc5 Qc7 16. Nxe6 fxe6 17. g3 O-O 18. Rd3 Rad8 19. Rad1 Rd7 20. Qd2 Rfd8 21. Bf1
b5 22. a3 Qc5 23. Bh3 Kf7 24. Rf3 h6 25. Qe2 Ke7 26. Rxf6 gxf6 27. Qh5 Nf8 28.
Rd3 Re8 29. Qxh6 b4 30. axb4 Qxb4 31. Bg4 d5 32. Nxd5+ exd5 33. Qg7+ Kd8 34.
Qxf6+ Rde7 35. Rc3 Nd7 36. Bxd7 Qxc3 37. bxc3 Kxd7 38. exd5 Rc8 39. Qf5+ Kd8 40.
Qf8+ Kd7 41. Qf5+ 1-0

[Event "Chigorin Memorial"]
[Site "St Petersburg RUS"]
[Date "2012.11.01"]
[Round "6.26"]
[White "Mammadov, Zaur"]
[Black "Zhigalko, Andrey"]
[Result "1/2-1/2"]
[WhiteTitle "IM"]
[BlackTitle "GM"]
[WhiteElo "2442"]
[BlackElo "2582"]
[WhiteFideId "13401033"]
[BlackFideId "13502247"]
[EventDate "2012.10.27"]

1. e4 c5 2. c3 d5 3. exd5 Qxd5 4. d4 Nf6 5. Nf3 Nc6 6. Be2 Bf5 7. dxc5 Qxd1+ 8.
Bxd1 Nd7 9. Be3 e5 10. b4 a5 11. b5 Nd8 12. O-O f6 13. Re1 Rc8 14. c6 bxc6 15.
a4 Nb7 16. Nbd2 Bd3 17. Nb3 Be7 18. Nfd2 cxb5 19. axb5 Bxb5 20. Nxa5 Nxa5 21.
Rxa5 Bc6 22. Bb3 Bd6 23. Nc4 Bc7 24. Ra2 Ra8 25. Rxa8+ Bxa8 26. Bc1 Nc5 27. Bc2
Bd5 28. Ne3 Bb3 29. Ba3 Bxc2 30. Nxc2 Nd3 31. Rd1 e4 32. Nb4 Nxb4 33. Bxb4 f5
34. Kf1 h5 35. Rd5 g6 36. c4 Rh7 37. h3 Rd7 38. Ke2 Rxd5 39. cxd5 Kd7 40. Bc5
Bd6 41. Bd4 Bc7 42. Bc5 Bd6 43. Bd4 Bc7 44. Bc5 Bd6 1/2-1/2

[Event "Chigorin Memorial"]
[Site "St Petersburg RUS"]
[Date "2012.11.01"]
[Round "6.27"]
[White "Burmakin, Vladimir"]
[Black "Matinian, Nikita"]
[Result "1-0"]
[WhiteTitle "GM"]
[BlackTitle "IM"]
[WhiteElo "2579"]
[BlackElo "2439"]
[WhiteFideId "4105109"]
[BlackFideId "24129100"]
[EventDate "2012.10.27"]

1. d4 Nf6 2. c4 g6 3. g3 Bg7 4. Bg2 O-O 5. Nf3 d6 6. O-O Nc6 7. Nc3 a6 8. b3 Rb8
9. Nd5 Nh5 10. Bb2 e6 11. Nc3 b5 12. Rb1 bxc4 13. bxc4 Na5 14. Qd3 Bd7 15. Ba3
Rxb1 16. Rxb1 Qc8 17. c5 dxc5 18. Bxc5 Re8 19. Ne5 Bxe5 20. dxe5 Bc6 21. Qe3
Bxg2 22. Kxg2 Qa8+ 23. f3 Nc4 1-0

[Event "Chigorin Memorial"]
[Site "St Petersburg RUS"]
[Date "2012.11.01"]
[Round "6.30"]
[White "Airapetian, Gor"]
[Black "Brodsky, Michail"]
[Result "1-0"]
[WhiteTitle "IM"]
[BlackTitle "GM"]
[WhiteElo "2435"]
[BlackElo "2563"]
[WhiteFideId "4177916"]
[BlackFideId "14100932"]
[EventDate "2012.10.27"]

1. d4 Nf6 2. c4 e6 3. Nf3 c5 4. d5 d6 5. Nc3 exd5 6. cxd5 g6 7. Bf4 a6 8. a4 Bg7
9. h3 Qe7 10. e3 Nbd7 11. Be2 O-O 12. O-O Ne8 13. Nd2 Ne5 14. a5 f5 15. Bh2 Nf6
16. Re1 Re8 17. Qb3 Nf7 18. Nc4 Bd7 19. Qb6 Bf8 20. b4 cxb4 21. Qxb4 Rab8 22.
Rab1 g5 23. Nb6 Ne5 24. f4 Ng6 25. Bd3 gxf4 26. Bxf4 Ne5 27. Bc2 Qg7 28. Rf1 Nh5
29. Nxd7 Nxd7 30. Bxf5 Nc5 31. Ne4 Nxe4 32. Bxe4 Ng3 33. Bxg3 Qxg3 34. Rf3 Qh4
35. Rf4 Qe7 36. Rbf1 Bh6 37. Rg4+ Kh8 38. Qb2+ Bg7 39. Qb1 h5 40. Rgf4 Bh6 41.
Qd1 Qg5 42. Kh1 Re5 43. Rf5 Rxf5 44. Rxf5 Qxe3 45. Qxh5 Rg8 46. Rf1 Qg5 47. Rf7
Rg7 48. Rf8+ Rg8 49. Qf7 Qg7 50. Rxg8+ Qxg8 51. Qf6+ Qg7 52. Qxd6 Qf8 53. Qxf8+
Bxf8 54. Bf5 Bb4 55. Bc8 Bxa5 56. Bxb7 Bc7 57. Bxa6 Bg3 58. Kg1 Kg7 59. Kf1 Kf6
60. Ke2 Kg5 61. Kf3 Kh4 62. Bf1 Bd6 63. Ke4 Kg5 64. Ba6 Kg6 65. Bc8 Bb8 66. g4
Bg3 67. Bd7 Kf6 68. Bc8 Kg5 69. Kd4 Bd6 70. Kc4 Kf6 71. Kb5 Ke7 72. Kc6 Bf4 73.
h4 Bg3 74. h5 Bf4 75. Ba6 Bg5 76. Bd3 Bf4 77. Bf5 Bg5 78. d6+ Kd8 79. Kd5 1-0

[Event "Chigorin Memorial"]
[Site "St Petersburg RUS"]
[Date "2012.11.01"]
[Round "6.31"]
[White "Lintchevski, Daniil"]
[Black "Aitbayev, Aslan"]
[Result "1-0"]
[WhiteTitle "GM"]
[WhiteElo "2562"]
[BlackElo "2416"]
[WhiteFideId "4171055"]
[BlackFideId "13704613"]
[EventDate "2012.10.27"]

1. d4 Nf6 2. Nf3 g6 3. g3 Bg7 4. Bg2 O-O 5. O-O d6 6. Re1 c5 7. c3 Nc6 8. d5 Na5
9. Na3 Bf5 10. b4 cxb4 11. cxb4 Ne4 12. Be3 Bb2 13. bxa5 Bxa3 14. g4 Bxg4 15.
Qa4 Bb2 16. Qxe4 Bf5 17. Qh4 Bxa1 18. Rxa1 Re8 19. Qh6 f6 20. Bd4 e5 21. dxe6
Qe7 22. a6 Bxe6 23. axb7 Rab8 24. Qf4 Rf8 25. Nd2 d5 26. Qe3 Rfe8 27. Nb3 Qxb7
28. Bxf6 Bf5 29. Qd4 Be4 30. Nc5 Qf7 31. Nxe4 dxe4 32. Bg5 a5 33. a3 Rb5 34. Be3
Rd5 35. Qa4 Qe6 36. Rc1 Red8 37. Bxe4 Qg4+ 38. Kf1 1-0

[Event "Chigorin Memorial"]
[Site "St Petersburg RUS"]
[Date "2012.11.01"]
[Round "6.32"]
[White "Onischuk, Vladimir"]
[Black "Vlasenko, Miroslav"]
[Result "1/2-1/2"]
[WhiteTitle "GM"]
[BlackTitle "IM"]
[WhiteElo "2558"]
[BlackElo "2400"]
[WhiteFideId "14114038"]
[BlackFideId "4151887"]
[EventDate "2012.10.27"]

1. e4 Nc6 2. Bb5 Nf6 3. d3 a6 4. Bxc6 bxc6 5. Nf3 d6 6. O-O g6 7. Re1 Bg7 8. Nc3
O-O 9. d4 Nd7 10. Bg5 Rb8 11. b3 f6 12. Be3 e5 13. Qd3 exd4 14. Bxd4 Kh8 15.
Rad1 Qe8 16. Na4 Qf7 17. c4 c5 18. Be3 Ne5 19. Nxe5 fxe5 20. Qd2 g5 21. Nc3 g4
22. Nd5 h5 23. Rf1 Bb7 24. f4 exf4 25. Rxf4 Qg6 26. Rdf1 Rxf4 27. Nxf4 Qe8 28.
Re1 Qf7 29. Nd5 Rf8 30. Qf2 Qg6 31. Qh4 Bxd5 32. exd5 Re8 33. h3 gxh3 34. Qxh3
Bc3 35. Re2 Re7 36. Kh2 Be5+ 37. g3 Rf7 38. Qh4 Kh7 39. Qg5 Qxg5 40. Bxg5 Kg6
41. Bd8 Rf3 42. Rg2 Rf8 43. Bh4 Rf1 44. Re2 Kf5 45. Kg2 Rc1 46. Kf3 a5 47. Bd8
a4 48. Bxc7 axb3 49. axb3 Rb1 50. Re3 Bd4 51. Re8 Rxb3+ 52. Ke2 Be5 53. Re6 1/2-1/2

[Event "Chigorin Memorial"]
[Site "St Petersburg RUS"]
[Date "2012.11.01"]
[Round "6.33"]
[White "Sipila, Vilka"]
[Black "Ionov, Sergey"]
[Result "1/2-1/2"]
[WhiteTitle "FM"]
[BlackTitle "GM"]
[WhiteElo "2430"]
[BlackElo "2550"]
[WhiteFideId "505455"]
[BlackFideId "4100875"]
[EventDate "2012.10.27"]

1. e4 c6 2. d4 d5 3. exd5 cxd5 4. c4 Nf6 5. Nc3 g6 6. Nf3 Bg7 7. cxd5 Nxd5 8.
Bb5+ Bd7 9. Qb3 Nb6 10. O-O O-O 11. Re1 Bxb5 12. Qxb5 Nc6 13. Bg5 Re8 14. Rad1
a6 15. Qb3 Na5 16. Qc2 Rc8 17. Qe4 h6 18. Bc1 e6 19. Ne5 Nc6 20. Bf4 Nd5 21.
Nxc6 bxc6 22. Na4 Nxf4 23. Qxf4 Rb8 24. Qc1 Qd6 25. Nc3 Qb4 26. b3 c5 27. Ne4
cxd4 28. Qc6 Qb6 29. Rc1 Red8 30. Red1 f5 31. Nd2 e5 32. Rc5 Kh7 33. Nc4 Qxc6
34. Rxc6 Ra8 35. g4 fxg4 36. Re1 d3 37. Kf1 Ra7 38. Re6 Rd5 39. Ne3 Rd4 40. Nc4
Rf7 41. Kg2 Rdf4 42. Rf1 e4 43. Nd6 R7f6 44. Rxe4 g5 45. Rxf4 Rxf4 46. Rd1 Bd4
47. Rd2 h5 48. Nc4 Rf3 49. b4 Bc3 50. Rd1 Bxb4 51. Ne5 Rh3 52. Nxd3 Bd6 53. Nc1
Rxh2+ 54. Kg1 Bf4 55. Rd7+ Kg6 56. Ra7 g3 57. Rxa6+ Kf5 58. Nd3 Ke4 59. Ra3 h4
60. Rb3 Bd6 61. Rb6 Bf4 62. Rb3 gxf2+ 63. Nxf2+ Kf5 64. Rf3 g4 65. Rxf4+ Kxf4
66. Kxh2 g3+ 67. Kg2 gxf2 68. Kxf2 Ke4 69. Kg2 1/2-1/2

[Event "Chigorin Memorial"]
[Site "St Petersburg RUS"]
[Date "2012.11.01"]
[Round "6.35"]
[White "Nikologorskiy, Konstantin"]
[Black "Savchenko, Boris"]
[Result "0-1"]
[WhiteTitle "FM"]
[BlackTitle "GM"]
[WhiteElo "2400"]
[BlackElo "2540"]
[WhiteFideId "24111708"]
[BlackFideId "4147332"]
[EventDate "2012.10.27"]

1. c4 e5 2. Nc3 Nf6 3. Nf3 d6 4. d4 e4 5. Nd2 Qe7 6. e3 g6 7. Be2 h5 8. Qc2 Bf5
9. b3 Nc6 10. Nf1 h4 11. h3 Nb4 12. Qd2 d5 13. Nh2 c5 14. dxc5 dxc4 15. Bxc4 Rd8
16. Qe2 Nd3+ 17. Bxd3 exd3 18. Qd2 Ne4 19. Nxe4 Qxe4 20. O-O Rh5 21. f3 Qc6 22.
Ba3 Bxc5 23. Bxc5 Qxc5 24. Rac1 Qb5 25. Rc7 Qb6 26. Rc3 Qa5 27. Rd1 Be6 28. e4
Qb6+ 29. Kh1 Ra5 30. Ng4 Bxg4 31. hxg4 Qf6 32. Rc7 Qe5 33. Rc4 Rc5 34. f4 Qc7
35. Rdc1 Rxc4 36. Rxc4 Qd7 37. f5 Qd6 38. fxg6 Qxg6 39. e5 Qe6 40. Qg5 Qxc4 41.
bxc4 d2 42. Qg8+ Kd7 0-1

[Event "Chigorin Memorial"]
[Site "St Petersburg RUS"]
[Date "2012.11.01"]
[Round "6.36"]
[White "Tilicheev, Viacheslav"]
[Black "Vocaturo, Daniele"]
[Result "1-0"]
[WhiteTitle "FM"]
[BlackTitle "GM"]
[WhiteElo "2397"]
[BlackElo "2534"]
[WhiteFideId "24114928"]
[BlackFideId "813192"]
[EventDate "2012.10.27"]

1. Nf3 c5 2. e4 d6 3. d4 cxd4 4. Nxd4 Nf6 5. Nc3 a6 6. Bg5 Nbd7 7. f4 g6 8. Qe2
Bg7 9. e5 O-O 10. O-O-O dxe5 11. fxe5 Qa5 12. Nf3 Ng4 13. Rd5 b5 14. h3 Nh6 15.
g4 e6 16. Rd4 Nxe5 17. Nxe5 b4 18. Bg2 Bxe5 19. Rd5 exd5 20. Qxe5 Bb7 21. Bxh6
f6 22. Qe6+ Rf7 23. Nxd5 Qd8 24. g5 1-0

[Event "Chigorin Memorial"]
[Site "St Petersburg RUS"]
[Date "2012.11.01"]
[Round "6.37"]
[White "Dzhangobegov, Vladimir"]
[Black "Goganov, Aleksey"]
[Result "1/2-1/2"]
[WhiteTitle "FM"]
[BlackTitle "IM"]
[WhiteElo "2395"]
[BlackElo "2526"]
[WhiteFideId "4180984"]
[BlackFideId "24109959"]
[EventDate "2012.10.27"]

1. e4 c5 2. Nf3 Nc6 3. d4 cxd4 4. Nxd4 Qc7 5. Nc3 e6 6. Be2 Nf6 7. Be3 a6 8. O-O
Be7 9. f4 d6 10. Qe1 O-O 11. Rd1 Nxd4 12. Bxd4 b5 13. a3 Bb7 14. Qg3 Rad8 15.
Bf3 d5 16. exd5 Bc5 17. Bxc5 Qxc5+ 18. Qf2 Qxf2+ 19. Rxf2 exd5 20. Rfd2 Rd7 21.
Rd4 h5 22. g3 Rc7 23. R1d2 Rfc8 24. Re2 g6 25. Kf1 Kf8 26. Ke1 Rc5 27. Kd1 Rd8
28. Red2 Rc6 29. Ne4 Ne8 30. Nf2 Nc7 31. Nd3 Ne6 32. Rb4 Rc7 33. Ne5 Ng7 34.
Rbd4 Nf5 35. R4d3 Ne7 36. Bg2 Bc8 37. Bxd5 f6 38. Nf3 Nxd5 39. Rxd5 Rxd5 40.
Rxd5 Bg4 41. Rd3 h4 42. Kd2 hxg3 43. hxg3 Rh7 44. Nd4 Bd7 45. Kc3 a5 46. Nb3 Bf5
47. Rd8+ Ke7 48. Rd2 Rh3 49. Rg2 Be4 50. Re2 Rxg3+ 51. Kd4 f5 52. Nxa5 Kd6 53.
Nb3 Bxc2 54. Rxc2 Rxb3 55. Rg2 Ke7 56. Rxg6 Rxb2 57. Ke5 Rb3 58. Rg7+ Kf8 59.
Ra7 b4 60. a4 Ra3 61. Kxf5 b3 62. Kf6 Kg8 63. Kg6 Kf8 64. f5 Ra1 65. Rf7+ Kg8
66. Rb7 Rg1+ 67. Kf6 Ra1 68. Rxb3 Rxa4 69. Rb8+ Kh7 70. Re8 Ra6+ 71. Kf7 Ra7+
72. Re7 Ra8 73. f6 Rb8 74. Rd7 Ra8 75. Re7 Rb8 76. Re8 Rb7+ 77. Ke6 Rb6+ 78. Ke7
Rb7+ 79. Ke6 Rb6+ 80. Kf7 Rb7+ 81. Re7 Rb8 82. Rc7 Ra8 83. Rb7 Rc8 84. Ke6+ Kg8
85. Rg7+ Kf8 86. Rh7 Rc6+ 87. Kf5 Rc1 88. Rh4 Rf1+ 89. Rf4 Rxf4+ 90. Kxf4 Kf7
91. Ke4 Kxf6 1/2-1/2

[Event "Chigorin Memorial"]
[Site "St Petersburg RUS"]
[Date "2012.11.01"]
[Round "6.38"]
[White "Cori, Jorge"]
[Black "Annageldyev, Orazly"]
[Result "1-0"]
[WhiteTitle "GM"]
[BlackTitle "GM"]
[WhiteElo "2522"]
[BlackElo "2394"]
[WhiteFideId "3802272"]
[BlackFideId "14000016"]
[EventDate "2012.10.27"]

1. d4 Nf6 2. c4 e6 3. Nf3 c5 4. d5 exd5 5. cxd5 d6 6. Nc3 g6 7. Bf4 a6 8. a4 Bg7
9. h3 O-O 10. e3 Qc7 11. Be2 Nbd7 12. O-O Re8 13. Nd2 Rb8 14. Re1 Ne5 15. Bh2 c4
16. Bxe5 Rxe5 17. Nxc4 Re8 18. a5 Ne4 19. Nxe4 Rxe4 20. Rc1 Qd8 21. Bf1 Rh4 22.
Qf3 g5 23. Qg3 Rh6 24. Bd3 f5 25. Nb6 Bd7 26. Nxd7 Qxd7 27. Qxg5 Rf8 28. Rc2 Kh8
29. Rec1 Rg6 30. Qh5 Qf7 31. Qf3 Rg5 32. Rc7 Qg8 33. Rxb7 f4 34. exf4 Qxd5 35.
Qxd5 Rxd5 36. Rcc7 1-0

[Event "Chigorin Memorial"]
[Site "St Petersburg RUS"]
[Date "2012.11.01"]
[Round "6.39"]
[White "Levin, Evgeny A."]
[Black "Ponfilenok, Vladimir"]
[Result "1/2-1/2"]
[WhiteTitle "GM"]
[WhiteElo "2516"]
[BlackElo "2392"]
[WhiteFideId "4182596"]
[BlackFideId "24113522"]
[EventDate "2012.10.27"]

1. d4 e6 2. c4 f5 3. Nf3 Nf6 4. Qc2 b6 5. g3 Bb7 6. Bg2 Be7 7. O-O O-O 8. Nc3
Ne4 9. Bf4 g5 10. Be3 Nxc3 11. Qxc3 d6 12. Rad1 Be4 13. Qc1 h6 14. Ne1 Nd7 15.
f3 Bb7 16. Nd3 Nf6 17. Bd2 Qe8 18. Rde1 Qg6 19. Nf2 e5 20. Bc3 exd4 21. Bxd4 Nd7
22. e4 Bf6 23. exf5 Qxf5 24. Bxf6 Nxf6 25. f4 Bxg2 26. Kxg2 Rae8 27. fxg5 Rxe1
28. Rxe1 hxg5 29. Qe3 Re8 30. Qd3 Re5 31. Qxf5 Rxf5 32. Re7 Rc5 33. b3 Kf8 34.
Re6 Kf7 35. Re2 b5 36. Nd3 Rf5 37. cxb5 Rxb5 38. Rc2 c5 39. Kf3 a5 40. Nb2 Rb4
41. Nc4 a4 42. Re2 1/2-1/2

[Event "Chigorin Memorial"]
[Site "St Petersburg RUS"]
[Date "2012.11.01"]
[Round "6.40"]
[White "Baghdasaryan, Vahe"]
[Black "Makarov, Marat"]
[Result "1/2-1/2"]
[WhiteTitle "IM"]
[BlackTitle "GM"]
[WhiteElo "2373"]
[BlackElo "2516"]
[WhiteFideId "13303139"]
[BlackFideId "4101103"]
[EventDate "2012.10.27"]

1. e4 c6 2. d4 d5 3. e5 Bf5 4. h4 h5 5. c4 e6 6. Nc3 Nd7 7. Nge2 dxc4 8. Ng3 Nb6
9. Bg5 f6 10. Nxf5 exf5 11. exf6 gxf6 12. Be3 Qd7 13. Qc2 Bh6 14. Bxh6 Nxh6 15.
O-O-O O-O-O 16. Rh3 Ng4 17. a4 a5 18. Rf3 Nh6 19. g3 Kb8 20. Bh3 Qc7 21. Bxf5
Nxf5 22. Rxf5 Nd5 23. Nxd5 Rxd5 24. Rxf6 Qe7 25. Rf3 Rf8 26. Rxf8+ Qxf8 27. f4
Qe7 28. Qc3 Qe2 29. Re1 Qf2 30. Re8+ Ka7 31. Re5 Qf1+ 32. Kc2 Kb6 33. b3 Qf2+
34. Kb1 Qg1+ 35. Kb2 Qf2+ 36. Ka3 Qxd4 37. Qxd4+ Rxd4 38. bxc4 Rd3+ 39. Kb2 Rxg3
40. c5+ Kc7 41. Rxh5 Kd7 42. f5 Ke7 43. Rh7+ Kf6 44. Rxb7 Rg4 45. h5 Kxf5 46.
Rc7 Ke6 47. Rxc6+ Kd5 48. Rg6 Rh4 49. Rg5+ Kc6 50. Kb3 Rh3+ 51. Kc2 Rh4 52. Kb3
Rh3+ 53. Kc4 Rh4+ 54. Kd3 Rxa4 55. Rg8 Rh4 56. Rc8+ Kd5 57. Rh8 Kxc5 58. h6 1/2-1/2

[Event "Chigorin Memorial"]
[Site "St Petersburg RUS"]
[Date "2012.11.01"]
[Round "6.42"]
[White "Soffer, Ram"]
[Black "Yandarbiev, Ruslan"]
[Result "1-0"]
[WhiteTitle "GM"]
[BlackTitle "IM"]
[WhiteElo "2506"]
[BlackElo "2356"]
[WhiteFideId "2800101"]
[BlackFideId "4115023"]
[EventDate "2012.10.27"]

1. d4 Nf6 2. c4 e6 3. Nc3 Bb4 4. Qc2 O-O 5. e4 d5 6. e5 Ne4 7. Bd3 c5 8. Nf3
cxd4 9. Nxd4 Nd7 10. Bxe4 dxe4 11. Qxe4 Qa5 12. O-O Qxe5 13. Qh4 Nf6 14. Rd1 Be7
15. Ndb5 Nd5 16. Qe4 Qxe4 17. Nxe4 Nf6 18. Bg5 b6 19. Nxf6+ Bxf6 20. Bxf6 gxf6
21. Rd3 a6 22. Rg3+ Kh8 23. Nd6 Bd7 24. Rd1 Bc6 25. b4 Ra7 26. Rdd3 f5 27. f4 h6
28. Kf2 Kh7 29. Ra3 Rfa8 30. Rgd3 Kg6 31. Rh3 a5 32. b5 Be4 33. Ke3 Rc7 34. Rc3
Bb1 35. c5 Rxc5 36. Rxc5 bxc5 37. Rg3+ Kf6 38. b6 Be4 39. Nxe4+ fxe4 40. Kxe4
Ke7 41. Rb3 Kd6 42. g4 Kc6 43. b7 Rb8 44. h4 c4 45. Rb1 Kc5 46. g5 h5 47. a3 Kc6
48. Kd4 Rxb7 49. Rxb7 Kxb7 50. Kxc4 Kc6 51. a4 Kb6 52. Kd4 Kc6 53. Ke5 Kd7 54.
Kf6 Ke8 55. g6 Kf8 56. gxf7 e5 57. Kxe5 1-0

[Event "Chigorin Memorial"]
[Site "St Petersburg RUS"]
[Date "2012.11.01"]
[Round "6.43"]
[White "Oparin, Grigoriy"]
[Black "Zenzera, Alexey"]
[Result "0-1"]
[WhiteTitle "IM"]
[WhiteElo "2484"]
[BlackElo "2361"]
[WhiteFideId "24125890"]
[BlackFideId "4102665"]
[EventDate "2012.10.27"]

1. e4 c6 2. d4 d5 3. e5 Bf5 4. Nd2 e6 5. Nb3 Nd7 6. Nf3 a6 7. Be2 c5 8. O-O c4
9. Nbd2 Bg6 10. c3 b5 11. g3 Be7 12. h4 f6 13. exf6 gxf6 14. Re1 h5 15. Bf1 Bf5
16. Bg2 Kf7 17. Nf1 Bd6 18. Ne3 Be4 19. Bh3 Nf8 20. Ng2 Ne7 21. Nf4 Bxf4 22.
Bxf4 Nfg6 23. Be3 Qd6 24. a4 b4 25. Bd2 b3 26. Rxe4 dxe4 27. Ne1 f5 28. Qe2 Rac8
29. Ng2 Nd5 30. Bg5 Ke8 31. Rf1 Kd7 32. Kh2 Qc6 33. f3 exf3 34. Rxf3 Nge7 35.
Bxe7 Nxe7 36. Nf4 Rh6 37. Re3 Nd5 38. Nxd5 Qxd5 39. Re5 Qd6 40. Qe3 Rf6 41. Qg5
Rcf8 42. Qf4 Rg8 43. Qf3 Qc6 44. d5 Qd6 45. dxe6+ Ke7 46. Rd5 Rxg3 47. Qd1 Rxh3+
48. Kxh3 Qxe6 49. Qf3 Qe4 50. Qxe4+ fxe4 51. Rxh5 Kd6 52. Rh8 e3 53. Re8 Rf3+
54. Kg4 Rf2 55. h5 Rxb2 56. h6 Rh2 57. Rxe3 Rxh6 58. Re2 Rf6 0-1

[Event "Chigorin Memorial"]
[Site "St Petersburg RUS"]
[Date "2012.11.01"]
[Round "6.44"]
[White "Tologontegin, Semetey"]
[Black "Demuth, Adrien"]
[Result "1-0"]
[WhiteTitle "FM"]
[BlackTitle "IM"]
[WhiteElo "2338"]
[BlackElo "2479"]
[WhiteFideId "13800574"]
[BlackFideId "642274"]
[EventDate "2012.10.27"]

1. e4 e5 2. Nf3 Nc6 3. Bb5 a6 4. Ba4 Nf6 5. O-O Bc5 6. d3 b5 7. Bb3 d6 8. c3 Bg4
9. h3 Bxf3 10. Qxf3 Rb8 11. Rd1 a5 12. a3 O-O 13. Nd2 Qd7 14. Nf1 Kh8 15. Be3
Bxe3 16. Nxe3 a4 17. Bc2 Ng8 18. d4 f6 19. Qg3 Nge7 20. f4 Qe8 21. Rd2 Ng6 22.
dxe5 dxe5 23. f5 Nge7 24. Rad1 Rd8 25. Bd3 Rb8 26. Be2 Rb7 27. Nd5 Nb8 28. Qe3
Nxd5 29. Rxd5 c6 30. Rd6 Rd7 31. c4 bxc4 32. Bxc4 Qe7 33. Rxd7 Nxd7 34. Kh2 Qc5
35. Qc3 Qa7 36. Rd6 Qc7 37. Rd2 Rb8 38. Be6 Nf8 39. Ba2 Nd7 40. Qc4 Nb6 41. Qc5
g5 42. Be6 Rd8 43. Rxd8+ Qxd8 44. Qxc6 Kg7 45. Qb7+ Kh6 46. Qf7 Na8 47. Bd7 Nb6
48. Be6 Na8 49. Bd7 Nb6 50. Be8 Qd6 51. Qe6 Qd8 52. Qg8 Qd6 53. Qe6 Qd8 54. Qf7
Qd6 55. b3 axb3 56. Qxb3 Na8 57. Qf7 Nc7 58. Qh5+ Kg7 59. Qf7+ Kh6 60. Bd7 g4
61. hxg4 Kg5 62. Qxh7 Qxa3 63. Qh5+ Kf4 64. Qh4 Qd6 65. Bc6 Qxc6 66. Qg3+ Kg5
67. Qe3+ Kh4 68. Qh6+ Kxg4 69. Qh3+ Kg5 70. Qg3+ Kh5 71. Qg6+ Kh4 72. g3# 1-0

[Event "Chigorin Memorial"]
[Site "St Petersburg RUS"]
[Date "2012.11.01"]
[Round "6.45"]
[White "Kantyshev, Nikita"]
[Black "Popilski, Gil"]
[Result "0-1"]
[BlackTitle "IM"]
[WhiteElo "1898"]
[BlackElo "2475"]
[WhiteFideId "4186737"]
[BlackFideId "2809060"]
[EventDate "2012.10.27"]

1. e4 g6 2. Nf3 Bg7 3. d4 d6 4. Nc3 Nf6 5. Be2 O-O 6. O-O c6 7. Bf4 Nbd7 8. Bc4
d5 9. exd5 Nb6 10. Bb3 cxd5 11. Qd2 Bf5 12. Rae1 Rc8 13. Bg5 Nc4 14. Bxc4 Rxc4
15. Ne5 Rc8 16. f3 a6 17. g4 Be6 18. Ne2 Bd7 19. c3 Bb5 20. Rf2 Ne8 21. Bh6 e6
22. Ng3 Rc7 23. Bxg7 Kxg7 24. f4 Re7 25. f5 f6 26. fxg6 hxg6 27. Nd3 Bxd3 28.
Qxd3 Nd6 29. Rfe2 Qd7 30. h4 f5 31. gxf5 gxf5 32. Rg2 Kf7 33. b3 Ne4 34. Qf3 Ke8
35. Qh5+ Kd8 36. Qh6 Rg8 37. Nh5 Rxg2+ 38. Kxg2 Rh7 39. Qg6 Kc8 40. Kf3 Qe7 41.
Qg8+ Kd7 42. Rg1 Qxh4 43. Qxh7+ Kc6 44. Rg3 Nxg3 45. Qg8 Qh1+ 46. Ke3 Qc1+ 47.
Kf3 Qf1+ 48. Ke3 Qe2+ 0-1

[Event "Chigorin Memorial"]
[Site "St Petersburg RUS"]
[Date "2012.11.01"]
[Round "6.47"]
[White "Matlakov, Maxim"]
[Black "Melnikov, Dmitry"]
[Result "1-0"]
[WhiteTitle "GM"]
[BlackTitle "FM"]
[WhiteElo "2665"]
[BlackElo "2292"]
[WhiteFideId "4168003"]
[BlackFideId "4146468"]
[EventDate "2012.10.27"]

1. d4 d5 2. c4 e6 3. Nf3 c6 4. Qc2 f5 5. Bf4 Nf6 6. e3 Ne4 7. Nc3 Be7 8. Bd3 O-O
9. g4 Kh8 10. Rg1 Qa5 11. Ke2 Nd7 12. gxf5 exf5 13. cxd5 cxd5 14. Nb5 Ndf6 15.
Nc7 Rb8 16. Na6 Ra8 17. Qc7 Qxc7 18. Nxc7 Rb8 19. Nxd5 Bd6 20. Bxd6 Nxd6 21. Nf4
Bd7 22. Ne5 Bb5 23. Bxb5 Nxb5 24. Ne6 1-0